Sports Quiz

Random Sports or Famous Quiz

Famous Amercian Sports calls Quiz Stats

 Plays Quiz not verified by Sporcle

Score 0/10 Timer 10:00
0 Plays Today
% Correct
Bonds
93.3%
Giants
93.3%
Bautista
91.1%
Davis
88.9%
Frazier
86.7%
Boone
82.2%
Don Larsen
82.2%
Gibson
80%
John Brooks
73.3%
Donovan
71.1%

You're not logged in!

Compare scores with friends on all Sporcle quizzes.
OR
Log In

Sporcle TV

Today on Sporcle TV


Watch our educational content, quiz creation guides, and fun videos on Sporcle TV.

Show Comments

Extras

Created Sep 13, 2017ReportNominate
Tags:Clickable Quiz, Famous Quiz, call

Top Quizzes Today


Score Distribution

Your Account Isn't Verified!

In order to create a playlist on Sporcle, you need to verify the email address you used during registration. Go to your Sporcle Settings to finish the process.

Report this User

Report this user for behavior that violates our Community Guidelines.

Details: